[Event "SWE-chT 2324 Elite"]
[Site "Sweden"]
[Date "2024.03.08"]
[Round "7.4"]
[White "Lissang, Christopher"]
[Black "Norberg, Johan"]
[Result "1/2-1/2"]
[WhiteElo "2341"]
[BlackElo "2284"]
[PlyCount "30"]
[EventDate "2023.10.13"]
[EventType "team-tourn"]
[EventRounds "9"]
[EventCountry "SWE"]
[SourceTitle "EXT 2025"]
[Source "ChessBase"]
[SourceDate "2024.10.14"]
[SourceVersion "1"]
[SourceVersionDate "2024.10.14"]
[SourceQuality "1"]
[WhiteTeam "Stockholm CC"]
[BlackTeam "Vasteras"]
[WhiteTeamCountry "SWE"]
[BlackTeamCountry "SWE"]

1. e4 g6 2. d4 Bg7 3. Nf3 d6 4. c3 Nf6 5. Bd3 0-0 6. 0-0 c6 7. Nbd2 Nbd7 8. Re1 e5 9. a4 Qc7 10. h3 Re8 11. Bf1 d5 12. exd5 Nxd5 13. dxe5 Nxe5 14. Nxe5 Rxe5 15. Rxe5 Bxe5 1/2-1/2

[Event "SWE-chT 2324 Elite"]
[Site "Sweden"]
[Date "2024.03.04"]
[Round "5.23"]
[White "Norberg, Johan"]
[Black "Ostlund, Joar"]
[Result "1/2-1/2"]
[WhiteElo "2263"]
[BlackElo "2328"]
[PlyCount "103"]
[EventDate "2023.10.13"]
[EventType "team-tourn"]
[EventRounds "9"]
[EventCountry "SWE"]
[SourceTitle "EXT 2025"]
[Source "ChessBase"]
[SourceDate "2024.10.14"]
[SourceVersion "1"]
[SourceVersionDate "2024.10.14"]
[SourceQuality "1"]
[WhiteTeam "Vasteras"]
[BlackTeam "Wasa"]
[WhiteTeamCountry "SWE"]
[BlackTeamCountry "SWE"]

1. Nf3 Nf6 2. g3 b5 3. Bg2 Bb7 4. 0-0 e6 5. b3 Be7 6. Bb2 0-0 7. c4 bxc4 8. bxc4 c5 9. d3 Nc6 10. Nbd2 Rb8 11. Rb1 Qa5 12. a3 Rfd8 13. Qc2 Ba8 14. Bc3 Qa6 15. Rxb8 Rxb8 16. Rb1 Rxb1+ 17. Nxb1 d6 18. Qb3 Nd7 19. Ne1 Qc8 20. Nc2 Nce5 21. Bxa8 Qxa8 22. Nd2 h5 23. f4 Nc6 24. Nf3 Nb6 25. Ne3 Qd8 26. Qb5 Qd7 27. a4 Nb8 28. a5 Qxb5 29. cxb5 Na4 30. Bd2 Kf8 31. Nd1 Bf6 32. e4 Nd7 33. Kf2 Ke8 34. Ne3 Kd8 35. Nc4 Be7 36. d4 d5 37. exd5 exd5 38. Nce5 Nxe5 39. Nxe5 Kc7 40. Nc6 Bf6 41. dxc5 a6 42. Nb4 axb5 43. Nxd5+ Kc6 44. a6 Nxc5 45. a7 Kb7 46. Nc7 Kxa7 47. Nxb5+ Kb6 48. Nd6 Kc6 49. Nxf7 Kd5 50. Be3 Nd7 51. Kf3 Ke6 52. Ng5+ 1/2-1/2

[Event "SWE-chT 2324 Elite"]
[Site "Sweden"]
[Date "2024.03.04"]
[Round "4.22"]
[White "Norberg, Johan"]
[Black "Rahul, Kumar Pune"]
[Result "1/2-1/2"]
[WhiteElo "2263"]
[BlackElo "2215"]
[PlyCount "69"]
[EventDate "2023.10.13"]
[EventType "team-tourn"]
[EventRounds "9"]
[EventCountry "SWE"]
[SourceTitle "EXT 2025"]
[Source "ChessBase"]
[SourceDate "2024.10.14"]
[SourceVersion "1"]
[SourceVersionDate "2024.10.14"]
[SourceQuality "1"]
[WhiteTeam "Vasteras"]
[BlackTeam "Orgryte"]
[WhiteTeamCountry "SWE"]
[BlackTeamCountry "SWE"]

1. e4 d6 2. d4 c6 3. c4 e5 4. Nf3 Bg4 5. d5 Nf6 6. Nc3 Be7 7. Be2 0-0 8. Be3 Nbd7 9. 0-0 a6 10. Nd2 Bxe2 11. Qxe2 Re8 12. b4 Rc8 13. dxc6 bxc6 14. Rab1 d5 15. exd5 cxd5 16. Nxd5 Nxd5 17. cxd5 Nf6 18. Rfd1 Qxd5 19. Nf3 Qe6 20. b5 Nd5 21. Bd2 Bf6 22. Qe4 axb5 23. Rxb5 Ne7 24. Ng5 Bxg5 25. Bxg5 f6 26. Be3 Qxa2 27. h3 Qe2 28. Rdb1 Rc1+ 29. Rxc1 Qxb5 30. Rc7 Qd5 31. Qa4 Qd8 32. Bc5 Nf5 33. g4 Nd4 34. Rd7 Qa8 35. Qxa8 1/2-1/2

[Event "SWE-chT 2223 Elite"]
[Site "Sweden"]
[Date "2022.10.15"]
[Round "2.5"]
[White "Norberg, Johan"]
[Black "Danchevski, Orce"]
[Result "0-1"]
[WhiteElo "2275"]
[BlackElo "2332"]
[PlyCount "126"]
[EventDate "2022.10.14"]
[EventType "team-tourn"]
[EventRounds "9"]
[EventCountry "SWE"]
[SourceTitle "CBM 210 Extra"]
[Source "ChessBase"]
[SourceDate "2022.11.30"]
[SourceVersion "1"]
[SourceVersionDate "2022.11.30"]
[SourceQuality "1"]
[WhiteTeam "Vasteras"]
[BlackTeam "Eksjo"]
[WhiteTeamCountry "SWE"]
[BlackTeamCountry "SWE"]

1. e4 c5 2. Nf3 d6 3. d4 Nf6 4. Nc3 cxd4 5. Nxd4 Nc6 6. Bc4 e6 7. 0-0 a6 8. Be3 Nxd4 9. Qxd4 b5 10. Bb3 Bb7 11. a4 Bc6 12. axb5 axb5 13. Rxa8 Qxa8 14. Qb6 Nd7 15. Qd4 Be7 16. Qxg7 Bf6 17. Qg3 b4 18. Ne2 Bxe4 19. f3 Be5 20. Qh4 Bc6 21. Qxb4 Rg8 22. Kh1 Ke7 23. Bf4 Qa6 24. Re1 Qa8 25. Ng3 Bxf3 26. Bxe5 Nxe5 27. Rxe5 Rg4 28. Qa3 Bxg2+ 29. Kg1 Qxa3 30. bxa3 dxe5 31. Kxg2 f5 32. h3 Rg7 33. Kf2 Kd6 34. Ne2 Rc7 35. a4 h6 36. Ke3 Rg7 37. Kf2 Rc7 38. Ke3 h5 39. h4 Rg7 40. Nc3 Rg3+ 41. Kd2 Rg2+ 42. Ke3 e4 43. a5 Ke5 44. Ne2 f4+ 45. Nxf4 Rg3+ 46. Ke2 Kxf4 47. a6 Rg2+ 48. Kf1 Rg7 49. Bxe6 Ke5 50. Bc8 Rg3 51. Bb7 Ra3 52. Ke2 e3 53. c3 Kf4 54. c4 Ra2+ 55. Kf1 Ke5 56. c5 Kd4 57. c6 Kd3 58. c7 e2+ 59. Kf2 Kd2 60. c8Q e1Q+ 61. Kf3 Qe3+ 62. Kg2 Kd3+ 63. Kh1 Qe1# 0-1

[Event "SWE-chT 1920 Elite"]
[Site "Sweden"]
[Date "2020.02.01"]
[Round "5"]
[White "Ertan, Can"]
[Black "Norberg, Johan"]
[Result "1/2-1/2"]
[WhiteElo "2388"]
[BlackElo "2315"]
[PlyCount "136"]
[EventDate "2019.10.18"]
[EventType "team-tourn"]
[EventRounds "9"]
[EventCountry "SWE"]
[SourceTitle "EXT 2023"]
[Source "ChessBase"]
[SourceDate "2022.10.05"]
[SourceVersion "1"]
[SourceVersionDate "2022.10.05"]
[SourceQuality "1"]
[WhiteTeam "Stockholm CC"]
[BlackTeam "Vasteras"]
[WhiteTeamCountry "SWE"]
[BlackTeamCountry "SWE"]

1. e4 g6 2. d4 Bg7 3. Bc4 c6 4. Nc3 b5 5. Bb3 b4 6. Nce2 d5 7. Nf3 dxe4 8. Ng5 Nh6 9. a3 bxa3 10. Rxa3 0-0 11. 0-0 Nf5 12. c3 Nd7 13. Nxe4 Qb6 14. N2g3 e6 15. Qf3 Qc7 16. Re1 Bb7 17. Bf4 e5 18. dxe5 Nxe5 19. Qe2 Nxg3 20. hxg3 c5 21. Qb5 Rfe8 22. Raa1 Qc6 23. Qxc6 Bxc6 24. Nxc5 Rab8 25. Ba4 Bxa4 26. Nxa4 Rb5 27. c4 Rb4 28. Bd2 Rbb8 29. b3 Rxb3 30. f4 Rd8 31. Ba5 Nc6 32. Bxd8 Bxa1 33. Rxa1 Nxd8 34. c5 Nc6 35. Kh2 Rb4 36. Ra3 Rc4 37. Kg1 f5 38. Kf2 Kf7 39. Ke3 Ke6 40. Rd3 Re4+ 41. Kf2 Rd4 42. Ra3 Kd5 43. Ke3 Kc4 44. g4 Re4+ 45. Kf3 Kb4 46. gxf5 gxf5 47. Ra1 Kb3 48. Nb6 axb6 49. cxb6 Kb2 50. Rh1 Nd4+ 51. Kg3 Re7 52. Rd1 Kc3 53. Rc1+ Nc2 54. Kh4 Rb7 55. Kg5 Kb2 56. Rh1 Nd4 57. Kf6 Rxb6+ 58. Ke5 Ne2 59. Rxh7 Rb5+ 60. Kf6 Nxf4 61. Rh4 Ne2 62. g4 f4 63. Rh2 f3 64. Rf2 Rb6+ 65. Ke5 Rb3 66. Ke4 Kc2 67. Rxf3 Rb4+ 68. Ke3 Rxg4 1/2-1/2

[Event "SWE-chT 1920 Elite"]
[Site "Sweden"]
[Date "2020.01.31"]
[Round "6"]
[White "Norberg, Johan"]
[Black "Zadruzny, Nicolaj"]
[Result "1/2-1/2"]
[WhiteElo "2315"]
[BlackElo "2338"]
[PlyCount "99"]
[EventDate "2019.10.18"]
[EventType "team-tourn"]
[EventRounds "9"]
[EventCountry "SWE"]
[SourceTitle "EXT 2023"]
[Source "ChessBase"]
[SourceDate "2022.10.05"]
[SourceVersion "1"]
[SourceVersionDate "2022.10.05"]
[SourceQuality "1"]
[WhiteTeam "Vasteras"]
[BlackTeam "Stockholm Rockaden"]
[WhiteTeamCountry "SWE"]
[BlackTeamCountry "SWE"]

1. g3 Nf6 2. Bg2 d5 3. Nf3 e6 4. 0-0 Be7 5. b3 0-0 6. Bb2 b6 7. c4 c5 8. cxd5 Nxd5 9. d4 cxd4 10. Nxd4 Bb7 11. Nd2 Nc6 12. Nxc6 Bxc6 13. Nc4 Nb4 14. e4 Qxd1 15. Rfxd1 Rfd8 16. Rxd8+ Rxd8 17. Bc3 Bc5 18. Bxb4 Bxb4 19. Rc1 Bc5 20. a3 Bb7 21. e5 Bxg2 22. Kxg2 Kf8 23. f4 Be7 24. a4 Bb4 25. Kf3 Ke7 26. Ke2 h5 27. Rd1 Rxd1 28. Kxd1 Bc5 29. Ke2 Kd7 30. Nd2 Kc6 31. Kd3 Kd5 32. Ne4 Be7 33. h3 a6 34. g4 hxg4 35. hxg4 b5 36. axb5 axb5 37. g5 Bb4 38. Ng3 Ba3 39. Ne2 Kc5 40. Nd4 Bb2 41. g6 fxg6 42. Nxe6+ Kd5 43. Nxg7 Bc1 44. e6 Kd6 45. f5 Bb2 46. Ne8+ Ke7 47. Nc7 gxf5 48. Nxb5 Kxe6 49. Nd4+ Bxd4 50. Kxd4 1/2-1/2

[Event "SWE-chT 1920 Elite"]
[Site "Sweden"]
[Date "2019.10.18"]
[Round "1.4"]
[White "Antonsen, Mikkel"]
[Black "Norberg, Johan"]
[Result "1-0"]
[WhiteElo "2388"]
[BlackElo "2315"]
[PlyCount "69"]
[EventDate "2019.10.18"]
[EventType "team-tourn"]
[EventRounds "9"]
[EventCountry "SWE"]
[SourceTitle "CBM 192 Extra"]
[Source "Chessbase"]
[SourceDate "2019.11.06"]
[SourceVersion "1"]
[SourceVersionDate "2019.11.06"]
[SourceQuality "1"]
[WhiteTeam "Lunds"]
[BlackTeam "Vasteras"]
[WhiteTeamCountry "SWE"]
[BlackTeamCountry "SWE"]

1. c4 e5 2. Nc3 Nc6 3. Nf3 f5 4. d4 e4 5. Ng5 Nf6 6. e3 h6 7. Nh3 g5 8. f3 exf3 9. gxf3 Bb4 10. Bd2 Qe7 11. Qe2 f4 12. 0-0-0 fxe3 13. Bxe3 Bxc3 14. bxc3 d5 15. Nf2 Be6 16. Re1 Kf7 17. Qb2 Na5 18. h4 Nh5 19. Bd2 Qf6 20. cxd5 Bxd5 21. Qb5 Bxf3 22. Qxa5 b6 23. Qa4 Bxh1 24. Qd7+ Kf8 25. Nxh1 Qf7 26. Qc6 Re8 27. Rxe8+ Qxe8 28. Qxc7 gxh4 29. Bc4 Qe7 30. Qc8+ Qe8 31. Qg4 Nf6 32. Qxh4 Ke7 33. Ng3 Qg6 34. Qf4 Rc8 35. Nf5+ 1-0

[Event "SWE-chT 1718 Superettan"]
[Site "Sweden"]
[Date "2018.02.25"]
[Round "5"]
[White "Norberg, Johan"]
[Black "Renman, Nils Gustaf"]
[Result "0-1"]
[WhiteElo "2303"]
[BlackElo "2368"]
[PlyCount "72"]
[EventDate "2017.10.20"]
[EventType "team-tourn"]
[EventRounds "9"]
[EventCountry "SWE"]
[SourceTitle "EXT 2019"]
[Source "ChessBase"]
[SourceDate "2018.10.10"]
[SourceVersion "1"]
[SourceVersionDate "2018.10.10"]
[SourceQuality "1"]
[WhiteTeam "Vasteras"]
[BlackTeam "Norrkoping Schack 08"]
[WhiteTeamCountry "SWE"]
[BlackTeamCountry "SWE"]

1. e4 e6 2. d4 d5 3. exd5 exd5 4. Bd3 Nf6 5. c3 Bd6 6. Ne2 0-0 7. Nd2 Re8 8. Qc2 Bg4 9. Nf1 c5 10. dxc5 Bxc5 11. Ne3 Bxe2 12. Bxe2 Nc6 13. 0-0 d4 14. cxd4 Nxd4 15. Qxc5 Nxe2+ 16. Kh1 Ne4 17. Qb5 Nd4 18. Qd3 Qh4 19. g3 Qf6 20. f3 Nc5 21. Qc4 Qe5 22. Bd2 b5 23. Qd5 Qxd5 24. Nxd5 Rad8 25. Nf4 Ndb3 26. axb3 Rxd2 27. Rfe1 Rxe1+ 28. Rxe1 Kf8 29. Re5 Nxb3 30. Rxb5 Nd4 31. Rd5 Nxf3 32. Rxd2 Nxd2 33. Kg2 Ke7 34. Kf2 Kd6 35. g4 Nc4 36. Nd3 Ne5 0-1

[Event "SWE Cup"]
[Site "Sweden"]
[Date "2017.03.26"]
[Round "9.3"]
[White "Andersson, Tommy"]
[Black "Norberg, Johan"]
[Result "1/2-1/2"]
[WhiteElo "2395"]
[BlackElo "2298"]
[PlyCount "148"]
[EventDate "2017.01.14"]
[EventType "team-tourn"]
[EventRounds "9"]
[EventCountry "SWE"]
[SourceTitle "CBM 177 Extra"]
[Source "ChessBase"]
[SourceDate "2017.04.27"]
[SourceVersion "1"]
[SourceVersionDate "2017.04.27"]
[SourceQuality "1"]
[WhiteTeam "Burgsvik Alva"]
[BlackTeam "Vasteras"]
[WhiteTeamCountry "SWE"]
[BlackTeamCountry "SWE"]

1. d4 d6 2. e4 Nf6 3. f3 c5 4. d5 e6 5. c4 g6 6. Nc3 exd5 7. cxd5 Bg7 8. Nge2 a6 9. a4 Nbd7 10. Ng3 0-0 11. Be2 Ne8 12. Be3 Rb8 13. 0-0 Nc7 14. a5 b5 15. axb6 Rxb6 16. Ra2 Nb5 17. Nxb5 axb5 18. Qd2 b4 19. b3 Bc3 20. Qc1 Re8 21. Kh1 Rb8 22. Bg5 Qc7 23. f4 f6 24. Bh6 Nb6 25. f5 Be5 26. Rf3 Bb7 27. fxg6 hxg6 28. Bf4 Bd4 29. Bb5 Ra8 30. Rxa8 Rxa8 31. Qd2 Nd7 32. Bxd7 Qxd7 33. Rf1 Ba6 34. Rc1 Bb5 35. h3 Ra3 36. Rb1 Bc3 37. Qc2 Kg7 38. Ne2 Be5 39. Bc1 Ra8 40. Nf4 Bxf4 41. Bxf4 Qe7 42. Re1 Ra3 43. Kh2 g5 44. Bg3 Ra8 45. Qd2 Kf7 46. Qf2 Kg7 47. Re3 Bd7 48. Kg1 Ra1+ 49. Kh2 Ra8 50. h4 gxh4 51. Bxh4 Rh8 52. Kg1 Rh6 53. Bg3 Rg6 54. Qa2 Rg5 55. Bf4 Rg4 56. g3 Bc8 57. Qa5 Qd7 58. Kf2 Kf7 59. Qb6 Ke7 60. Qb8 Rxf4+ 61. gxf4 Qg4 62. Qa7+ Bd7 63. f5 Qf4+ 64. Ke2 Qh2+ 65. Kd1 Qg1+ 66. Re1 Qd4+ 67. Ke2 Qb2+ 68. Kf3 Qxb3+ 69. Re3 Qd1+ 70. Kf4 c4 71. Rg3 Qf1+ 72. Ke3 Qe1+ 73. Kf4 Qf1+ 74. Ke3 Qe1+ 1/2-1/2

[Event "SWE Cup"]
[Site "Sweden"]
[Date "2017.03.25"]
[Round "8.4"]
[White "Laveryd, Peter"]
[Black "Norberg, Johan"]
[Result "1/2-1/2"]
[WhiteElo "2382"]
[BlackElo "2298"]
[PlyCount "66"]
[EventDate "2017.01.14"]
[EventType "team-tourn"]
[EventRounds "9"]
[EventCountry "SWE"]
[SourceTitle "EXT 2018"]
[Source "ChessBase"]
[SourceDate "2017.10.13"]
[SourceVersion "1"]
[SourceVersionDate "2017.10.13"]
[SourceQuality "1"]
[WhiteTeam "Norrkoping Schack 08"]
[BlackTeam "Vasteras"]
[WhiteTeamCountry "SWE"]
[BlackTeamCountry "SWE"]

1. d4 d6 2. g3 g6 3. Bg2 Bg7 4. Nf3 Nf6 5. 0-0 Nbd7 6. c4 e5 7. Qc2 0-0 8. Rd1 Re8 9. Nc3 c6 10. h3 Qc7 11. e3 e4 12. Nd2 d5 13. b4 Nb6 14. c5 Nbd7 15. b5 Nf8 16. a4 h5 17. a5 h4 18. b6 Qb8 19. bxa7 Rxa7 20. Nf1 N8h7 21. g4 Ng5 22. Nh2 Nfh7 23. Ne2 Bh6 24. Nf4 Ne6 25. Nxe6 Bxe6 26. f4 exf3 27. Nxf3 Ng5 28. Ne5 Bg7 29. Qf2 Ne4 30. Bxe4 dxe4 31. Qxh4 Qd8 32. Qxd8 Rxd8 33. Bb2 Bxe5 1/2-1/2

[Event "SWE Cup"]
[Site "Sweden"]
[Date "2017.03.04"]
[Round "6.5"]
[White "Norberg, Johan"]
[Black "Marcus, Hakan"]
[Result "1/2-1/2"]
[WhiteElo "2298"]
[BlackElo "2188"]
[PlyCount "80"]
[EventDate "2017.01.14"]
[EventType "team-tourn"]
[EventRounds "9"]
[EventCountry "SWE"]
[SourceTitle "EXT 2018"]
[Source "ChessBase"]
[SourceDate "2017.10.13"]
[SourceVersion "1"]
[SourceVersionDate "2017.10.13"]
[SourceQuality "1"]
[WhiteTeam "Vasteras"]
[BlackTeam "Horndal"]
[WhiteTeamCountry "SWE"]
[BlackTeamCountry "SWE"]

1. e4 c6 2. Nc3 d5 3. Nf3 dxe4 4. Nxe4 Nf6 5. Nxf6+ exf6 6. Bc4 Qe7+ 7. Be2 Qc7 8. d4 Bd6 9. Be3 0-0 10. 0-0 Nd7 11. Qd3 Re8 12. Rad1 b5 13. d5 c5 14. Qxb5 Rb8 15. Qa4 Rxb2 16. Rb1 Rxb1 17. Rxb1 Re7 18. Bd3 Nf8 19. h3 Ng6 20. Ba6 Bd7 21. Qc4 Bc8 22. Bxc8 Qxc8 23. Rb5 Rb7 24. a4 a6 25. Rb3 Rxb3 26. cxb3 Qb7 27. Bxc5 Bxc5 28. Qxc5 Qxb3 29. a5 Nf8 30. Nd4 Qd1+ 31. Kh2 g6 32. Nc6 Kg7 33. Nb4 Qe2 34. f4 Qd2 35. Qd6 h5 36. f5 g5 37. Nxa6 Qxa5 38. Nc7 Qa4 39. Kg1 Qd1+ 40. Kh2 Qa4 1/2-1/2

[Event "Vasteras op"]
[Site "Vasteras"]
[Date "2016.09.25"]
[Round "8"]
[White "Nygren, Kim"]
[Black "Norberg, Johan"]
[Result "0-1"]
[WhiteElo "2216"]
[BlackElo "2298"]
[PlyCount "38"]
[EventDate "2016.09.23"]
[EventType "swiss"]
[EventRounds "8"]
[EventCountry "SWE"]
[SourceTitle "CBM 174 Extra"]
[Source "ChessBase"]
[SourceDate "2016.10.10"]
[SourceVersion "1"]
[SourceVersionDate "2016.10.10"]
[SourceQuality "1"]

1. b3 g6 2. Bb2 Nf6 3. e4 Bg7 4. Qe2 d6 5. f4 c5 6. Nf3 Nc6 7. g3 e5 8. Bg2 exf4 9. Nc3 0-0 10. 0-0-0 Nh5 11. Qf2 Be6 12. gxf4 Nxf4 13. h4 Ne5 14. Nxe5 Bxe5 15. d4 cxd4 16. Nb5 d3 17. cxd3 Qf6 18. Kb1 Bxb2 19. d4 Bd7 0-1

[Event "Vasteras op"]
[Site "Vasteras"]
[Date "2016.09.24"]
[Round "6"]
[White "Wahlund, Max"]
[Black "Norberg, Johan"]
[Result "1/2-1/2"]
[WhiteElo "2043"]
[BlackElo "2298"]
[PlyCount "54"]
[EventDate "2016.09.23"]
[EventType "swiss"]
[EventRounds "8"]
[EventCountry "SWE"]
[SourceTitle "CBM 174 Extra"]
[Source "ChessBase"]
[SourceDate "2016.10.10"]
[SourceVersion "1"]
[SourceVersionDate "2016.10.10"]
[SourceQuality "1"]

1. e4 g6 2. d4 Bg7 3. c4 d6 4. Nc3 Nd7 5. Bg5 h6 6. Be3 e5 7. Nge2 Ne7 8. Qd2 f5 9. g3 exd4 10. Nxd4 Ne5 11. f4 Ng4 12. Bg2 Nxe3 13. Qxe3 0-0 14. 0-0 c6 15. Rad1 Re8 16. e5 Bd7 17. exd6 Nd5 18. Bxd5+ cxd5 19. Qd3 dxc4 20. Qxc4+ Kh7 21. Qf7 Rf8 22. Qe7 Qxe7 23. dxe7 Rf7 24. Nd5 Re8 25. b3 Bxd4+ 26. Rxd4 Bc6 27. Re1 Bxd5 1/2-1/2

[Event "SWE-chT 1516"]
[Site "Sweden"]
[Date "2016.03.20"]
[Round "9"]
[White "Norberg, Johan"]
[Black "Welin, Mats Erik Thomas"]
[Result "0-1"]
[WhiteElo "2291"]
[BlackElo "2328"]
[PlyCount "48"]
[EventDate "2015.11.06"]
[EventType "team-tourn"]
[EventRounds "9"]
[EventCountry "SWE"]
[SourceTitle "EXT 2018"]
[Source "ChessBase"]
[SourceDate "2017.10.13"]
[SourceVersion "1"]
[SourceVersionDate "2017.10.13"]
[SourceQuality "1"]
[WhiteTeam "Vasteras"]
[BlackTeam "Manhem"]
[WhiteTeamCountry "SWE"]
[BlackTeamCountry "SWE"]

1. g3 Nf6 2. Bg2 d5 3. Nf3 c6 4. 0-0 Bg4 5. Ne5 Bf5 6. d4 e6 7. c4 Be7 8. Nc3 0-0 9. f3 c5 10. cxd5 cxd4 11. Qxd4 exd5 12. Bg5 Qa5 13. Kh1 Rd8 14. Rac1 h6 15. Bd2 Nc6 16. Nxc6 bxc6 17. g4 Be6 18. g5 hxg5 19. Bxg5 Rab8 20. Qa4 Qc7 21. e4 d4 22. Ne2 Rxb2 23. Ng3 c5 24. f4 Ng4 0-1

[Event "SWE-chT 1516"]
[Site "Sweden"]
[Date "2016.03.19"]
[Round "8.3"]
[White "Norberg, Johan"]
[Black "Schneider, Stefan"]
[Result "1/2-1/2"]
[WhiteElo "2278"]
[BlackElo "2368"]
[PlyCount "76"]
[EventDate "2015.11.06"]
[EventType "team-tourn"]
[EventRounds "9"]
[EventCountry "SWE"]
[SourceTitle "EXT 2017"]
[Source "ChessBase"]
[SourceDate "2016.10.25"]
[SourceVersion "1"]
[SourceVersionDate "2016.10.25"]
[SourceQuality "1"]
[WhiteTeam "Vasteras"]
[BlackTeam "Limhamn"]
[WhiteTeamCountry "SWE"]
[BlackTeamCountry "SWE"]

1. g3 Nf6 2. Bg2 d5 3. Nf3 e6 4. 0-0 Be7 5. d3 b5 6. e4 dxe4 7. dxe4 Qxd1 8. Rxd1 Bb7 9. Nd4 a6 10. e5 Nd5 11. a4 Nc6 12. Nxc6 Bxc6 13. Nc3 0-0-0 14. axb5 axb5 15. Nxd5 Bxd5 16. Bxd5 exd5 17. Ra5 Kd7 18. Rxb5 Ke6 19. Rb7 Rd7 20. f4 Bc5+ 21. Kg2 Bb6 22. Kf3 d4 23. Ke4 f5+ 24. exf6 gxf6 25. f5+ Kd6 26. Rxb6+ cxb6 27. Rxd4+ Kc6 28. Rxd7 Re8+ 29. Kd3 Kxd7 30. Be3 b5 31. b3 h5 32. h3 Kc6 33. c4 bxc4+ 34. bxc4 Rg8 35. Bf2 Re8 36. Bd4 Rg8 37. Bf2 Re8 38. Bd4 Rg8 1/2-1/2

[Event "Vasteras op"]
[Site "Vasteras"]
[Date "2015.09.25"]
[Round "4"]
[White "Tikkanen, Hans"]
[Black "Norberg, Johan"]
[Result "1-0"]
[WhiteElo "2509"]
[BlackElo "2298"]
[PlyCount "67"]
[EventDate "2015.09.25"]
[EventType "swiss"]
[EventRounds "8"]
[EventCountry "SWE"]
[SourceTitle "EXT 2016"]
[Source "ChessBase"]
[SourceDate "2015.10.08"]
[SourceVersion "1"]
[SourceVersionDate "2015.10.08"]
[SourceQuality "1"]

1. d4 g6 2. c4 Bg7 3. Nc3 d6 4. e4 Nc6 5. d5 Nd4 6. Be3 c5 7. Nge2 Qb6 8. Rb1 Bd7 9. b4 Nxe2 10. Nxe2 Qa6 11. bxc5 dxc5 12. Qb3 Nf6 13. f3 b6 14. Nc3 0-0 15. Bd3 e6 16. 0-0 exd5 17. Nxd5 Nxd5 18. cxd5 Qa5 19. f4 Rfc8 20. e5 Ba4 21. Qa3 c4 22. Be4 c3 23. Rb4 Bc2 24. Qxa5 bxa5 25. Rd4 Bxe4 26. Rxe4 Rab8 27. d6 c2 28. Rc1 Rb1 29. Kf2 Bf8 30. Ke2 f6 31. d7 Rd8 32. e6 Rxc1 33. Bxc1 Bb4 34. e7 1-0

[Event "SWE-chT 1415 Elite"]
[Site "Sweden"]
[Date "2015.03.07"]
[Round "6"]
[White "Von Bahr, Oskar"]
[Black "Norberg, Johan"]
[Result "1-0"]
[WhiteElo "2364"]
[BlackElo "2305"]
[PlyCount "51"]
[EventDate "2014.11.21"]
[EventType "team-tourn"]
[EventRounds "9"]
[EventCountry "SWE"]
[SourceTitle "EXT 2018"]
[Source "ChessBase"]
[SourceDate "2017.10.13"]
[SourceVersion "1"]
[SourceVersionDate "2017.10.13"]
[SourceQuality "1"]
[WhiteTeam "Kungstornet"]
[BlackTeam "Vasteras"]
[WhiteTeamCountry "SWE"]
[BlackTeamCountry "SWE"]

1. c4 e5 2. g3 Nc6 3. Bg2 f5 4. Nc3 Nf6 5. e3 Bb4 6. Nge2 0-0 7. d4 e4 8. 0-0 d5 9. Nxd5 Nxd5 10. cxd5 Qxd5 11. f3 exf3 12. Bxf3 Qd6 13. Nf4 Ba5 14. Bd2 Bb6 15. Rc1 Re8 16. Bd5+ Kh8 17. Qh5 Rf8 18. Rxc6 bxc6 19. Bb4 Qf6 20. Bxf8 cxd5 21. Qe8 Bb7 22. Bxg7+ Kxg7 23. Nh5+ Kh6 24. Nxf6 Rxe8 25. Nxe8 Bc6 26. Nxc7 1-0

[Event "SWE-chT 1213"]
[Site "Sweden"]
[Date "2013.02.02"]
[Round "5"]
[White "Norberg, Johan"]
[Black "Ornstein, Axel"]
[Result "1-0"]
[WhiteElo "2283"]
[BlackElo "2361"]
[PlyCount "65"]
[EventDate "2012.10.05"]
[EventType "team-tourn"]
[EventRounds "9"]
[EventCountry "SWE"]
[SourceTitle "EXT 2014"]
[Source "ChessBase"]
[SourceDate "2013.11.20"]
[SourceVersion "1"]
[SourceVersionDate "2013.11.20"]
[SourceQuality "1"]
[WhiteTeam "Vasteras"]
[BlackTeam "Eksjo"]
[WhiteTeamCountry "SWE"]
[BlackTeamCountry "SWE"]

1. e4 e5 2. Nf3 Nc6 3. Nc3 d6 4. d4 Bg4 5. d5 Nd4 6. Be3 Nxf3+ 7. gxf3 Bd7 8. f4 exf4 9. Bxf4 g5 10. Be3 Bg7 11. Qd2 h6 12. 0-0-0 Nf6 13. Bd4 Qe7 14. Re1 Nh5 15. Bxg7 Nxg7 16. h4 g4 17. Bb5 Bxb5 18. Nxb5 a6 19. e5 dxe5 20. Rxe5 Qxe5 21. Re1 Qxe1+ 22. Qxe1+ Kd7 23. Nxc7 Rag8 24. Qe5 f6 25. Qc3 h5 26. b4 Rc8 27. Qxf6 Kxc7 28. Qe5+ Kb6 29. Qxg7 Rhd8 30. Qd4+ Kb5 31. Kb2 Rc4 32. a4+ Kxb4 33. c3+ 1-0

[Event "SWE-chT 1112"]
[Site "Sweden"]
[Date "2012.01.15"]
[Round "4"]
[White "Norberg, Johan"]
[Black "Bator, Robert"]
[Result "1/2-1/2"]
[WhiteElo "2295"]
[BlackElo "2411"]
[PlyCount "37"]
[EventDate "2011.10.07"]
[EventType "team-tourn"]
[EventRounds "9"]
[EventCountry "SWE"]
[SourceTitle "EXT 2013"]
[Source "ChessBase"]
[SourceDate "2012.11.22"]
[SourceVersion "1"]
[SourceVersionDate "2012.11.22"]
[SourceQuality "1"]
[WhiteTeam "Vasteras"]
[BlackTeam "Umea Rockaden"]
[WhiteTeamCountry "SWE"]
[BlackTeamCountry "SWE"]

1. e4 c5 2. Nf3 Nc6 3. d4 cxd4 4. Nxd4 e5 5. Nb5 d6 6. c4 Be7 7. N1c3 a6 8. Na3 Be6 9. Bd3 Bg5 10. 0-0 Bxc1 11. Rxc1 Nf6 12. Nd5 0-0 13. Qd2 Nd4 14. Nxf6+ Qxf6 15. Nc2 Nxc2 16. Rxc2 Rfd8 17. Qe3 Rac8 18. b3 h6 19. Be2 1/2-1/2

[Event "SWE-chB"]
[Site "Vasteras"]
[Date "2011.07.23"]
[Round "8"]
[White "Hedman, Erik"]
[Black "Norberg, Johan"]
[Result "1-0"]
[WhiteElo "2372"]
[BlackElo "2313"]
[PlyCount "83"]
[EventDate "2011.07.16"]
[EventType "tourn"]
[EventRounds "9"]
[EventCountry "SWE"]
[EventCategory "5"]
[SourceTitle "CBM 143 Extra"]
[Source "ChessBase"]
[SourceDate "2011.08.29"]
[SourceVersion "1"]
[SourceVersionDate "2011.08.29"]
[SourceQuality "1"]

1. e4 g6 2. d4 Bg7 3. Nc3 c6 4. f4 d5 5. e5 h5 6. Be3 Nh6 7. Nf3 Bg4 8. h3 Bxf3 9. Qxf3 Nf5 10. Bf2 h4 11. Bd3 e6 12. 0-0 Bf8 13. Ne2 Nd7 14. b3 Be7 15. c4 Kf8 16. Kh2 a5 17. Rab1 Bb4 18. Ra1 Ba3 19. Rad1 Bb4 20. Bc2 Qc7 21. Ng1 a4 22. Qe2 axb3 23. axb3 Kg7 24. Nf3 Be7 25. Ra1 Ra5 26. Rfc1 Qb6 27. c5 Qa7 28. Rxa5 Qxa5 29. b4 Qa3 30. Qe1 Ra8 31. Rd1 Ng3 32. Bxg3 hxg3+ 33. Qxg3 Qb2 34. Rd2 Qxb4 35. f5 exf5 36. e6 fxe6 37. Re2 Nf8 38. Bxf5 Bf6 39. Qc7+ Kh6 40. Bxe6 Re8 41. Qf7 Nxe6 42. Qxf6 1-0